[Event "EU-ch U12 30th"]
[Site "Antalya"]
[Date "2022.11.10"]
[Round "5"]
[White "Fenerli, Salim"]
[Black "Cirkovic, Vuk"]
[Result "1-0"]
[WhiteElo "1928"]
[BlackElo "1688"]
[PlyCount "79"]
[EventDate "2022.11.06"]
[EventType "swiss"]
[EventRounds "9"]
[EventCountry "TUR"]
[SourceTitle "EXT 2024"]
[Source "ChessBase"]
[SourceDate "2023.10.10"]
[SourceVersion "1"]
[SourceVersionDate "2023.10.10"]
[SourceQuality "1"]

1. e4 c5 2. Nf3 Nc6 3. d4 cxd4 4. Nxd4 e5 5. Nb5 d6 6. N1c3 a6 7. Na3 Be7 8. Nd5 b5 9. Be3 Rb8 10. c4 b4 11. Nc2 f5 12. exf5 Bxf5 13. Bd3 Bxd3 14. Qxd3 Nf6 15. 0-0 Nd7 16. Nxe7 Qxe7 17. Rfd1 Rc8 18. Qxd6 Qxd6 19. Rxd6 Ke7 20. Rad1 Rhd8 21. Bg5+ Nf6 22. Rxd8 Rxd8 23. Rxd8 Kxd8 24. Kf1 Kd7 25. Bxf6 gxf6 26. Ke2 Ke6 27. Ke3 Kf5 28. f3 a5 29. b3 h6 30. g4+ Ke6 31. Ke4 Ne7 32. Ne3 h5 33. Nf5 Nxf5 34. gxf5+ Kd6 35. f4 exf4 36. Kxf4 Kc5 37. Ke4 a4 38. Kd3 a3 39. Ke4 h4 40. h3 1-0